000 00489nam a2200181Ia 4500
999 _c29290
_d29290
003 OSt
005 20201116143057.0
008 190216s9999||||xx |||||||||||||| ||und||
020 _a9788184231175
040 _coclc
082 _a894.8123
_bBEN/A
100 _aBenyamin
_96438
245 0 _aAadujeevitham /
_cBenyamin
260 _bGreen Books,
_aThrissur:
_c2009.
300 _a200p
650 _aMalayalam
942 _cBK
_2ddc
_h894.8123
_iBEN/A
_k894.8123
_mBEN/A